| 000 | 00798 a2200241 4500 | ||
|---|---|---|---|
| 003 | Nust | ||
| 005 | 20220720085458.0 | ||
| 010 | _a 79023703 | ||
| 020 | _a0829902724 : | ||
| 040 | _cNust | ||
| 082 | 0 | 0 | _a004 |
| 100 | 1 |
_aGraham, Neill, _963975 |
|
| 245 | 1 | 4 |
_aThe mind tool : _bcomputers and their impact on society / _cNeill Graham. |
| 250 | _a2d ed. | ||
| 260 |
_aSt. Paul, Minn. : _bWest Pub. Co., _cc1980. |
||
| 300 |
_axv, 398 p. : _bill. ; _c25 cm. |
||
| 440 | 0 |
_aWest series in data processing and information systems _993914 |
|
| 505 | _aIntroducing The Computer (Page-1), Computers (Page-17), Society (Page-99), Basic (Page-287). | ||
| 650 | 0 |
_aBASIC (Computer program language) _9783 |
|
| 650 | 0 |
_aComputers and civilization. _914116 |
|
| 650 | 0 | _aComputers. | |
| 942 |
_2ddc _cBK |
||
| 999 |
_c179498 _d179498 |
||